ARRUPE JESUIT UNIVERSITY

CORONAVIRUS -STOP THE SPREAD - CLEAN,DISINFECT,COVER

Schriften zur Theologie. (Record no. 128385)

MARC details
000 -LEADER
fixed length control field 00902cam a22002771 4500
001 - CONTROL NUMBER
control field 748663
003 - CONTROL NUMBER IDENTIFIER
control field ARRUPE
005 - DATE AND TIME OF LATEST TRANSACTION
control field 20181013100439.0
008 - FIXED-LENGTH DATA ELEMENTS--GENERAL INFORMATION
fixed length control field 811116m19609999sz b 001 0 ger c
010 ## - LIBRARY OF CONGRESS CONTROL NUMBER
LC control number a 55005585
020 ## - INTERNATIONAL STANDARD BOOK NUMBER
International Standard Book Number 3545220923 (v. 14)
040 ## - CATALOGING SOURCE
Original cataloging agency Catholic Univ. of America. Library
Transcribing agency DLC
Modifying agency DLC
050 00 - LIBRARY OF CONGRESS CALL NUMBER
Classification number BX1750
Item number .R3 1964
082 00 - DEWEY DECIMAL CLASSIFICATION NUMBER
Classification number 230/.2
Edition number 19
300 ## - PHYSICAL DESCRIPTION
Dimensions 22 cm.
100 1# - MAIN ENTRY--PERSONAL NAME
Personal name Rahner, Karl,
Dates associated with a name 1904-1984.
9 (RLIN) 42941
245 10 - TITLE STATEMENT
Title Schriften zur Theologie.
Statement of responsibility, etc Karl Rahner
260 ## - PUBLICATION, DISTRIBUTION, ETC. (IMPRINT)
Place of publication, distribution, etc Einsiedeln,
Name of publisher, distributor, etc Benziger Verlag Einsiedeln Zurich koln
Date of publication, distribution, etc 1964-72
300 ## - PHYSICAL DESCRIPTION
Extent v. <1-10 >
500 ## - GENERAL NOTE
General note Vol. 15-<16 > edited by Paul Imhof.
504 ## - BIBLIOGRAPHY, ETC. NOTE
Bibliography, etc Includes bibliographical references and indexes.
906 ## - LOCAL DATA ELEMENT F, LDF (RLIN)
a 7
b cbc
c orignew
d 1
e ncip
f 19
g y-gencatlg
942 ## - ADDED ENTRY ELEMENTS (KOHA)
Source of classification or shelving scheme Library of Congress Classification
Koha item type Monograph ( Printed materials)
Holdings
Withdrawn status Lost status Source of classification or shelving scheme Damaged status Not for loan Collection code Home library Current library Shelving location Date acquired Total Checkouts Full call number Barcode Date last seen Price effective from Koha item type
    Library of Congress Classification     Main Collection ARRUPE LIBRARY ARRUPE LIBRARY Main Collection 13/10/2018   BX1750 .R3 1964 46600002939 13/10/2018 13/10/2018 Monograph ( Printed materials)
    Library of Congress Classification     Main Collection ARRUPE LIBRARY ARRUPE LIBRARY Main Collection 13/10/2018   BX1750 .R3 1964 46600002940 13/10/2018 13/10/2018 Monograph ( Printed materials)
    Library of Congress Classification     Main Collection ARRUPE LIBRARY ARRUPE LIBRARY Main Collection 13/10/2018   BX1750 .R3 1964 46600002941 13/10/2018 13/10/2018 Monograph ( Printed materials)
    Library of Congress Classification     Main Collection ARRUPE LIBRARY ARRUPE LIBRARY Main Collection 13/10/2018   BX1750 .R3 1964 46600002942 13/10/2018 13/10/2018 Monograph ( Printed materials)
    Library of Congress Classification     Main Collection ARRUPE LIBRARY ARRUPE LIBRARY Main Collection 13/10/2018   BX1750 .R3 1964 46600002943 13/10/2018 13/10/2018 Monograph ( Printed materials)
    Library of Congress Classification     Main Collection ARRUPE LIBRARY ARRUPE LIBRARY Main Collection 13/10/2018   BX1750 .R3 1964 46600002944 13/10/2018 13/10/2018 Monograph ( Printed materials)
    Library of Congress Classification     Main Collection ARRUPE LIBRARY ARRUPE LIBRARY Main Collection 13/10/2018   BX1750 .R3 1964 46600002945 13/10/2018 13/10/2018 Monograph ( Printed materials)
    Library of Congress Classification     Main Collection ARRUPE LIBRARY ARRUPE LIBRARY Main Collection 13/10/2018   BX1750 .R3 1964 46600002946 13/10/2018 13/10/2018 Monograph ( Printed materials)
    Library of Congress Classification     Main Collection ARRUPE LIBRARY ARRUPE LIBRARY Main Collection 13/10/2018   BX1750 .R3 1964 46600002947 13/10/2018 13/10/2018 Monograph ( Printed materials)
    Library of Congress Classification     Main Collection ARRUPE LIBRARY ARRUPE LIBRARY Main Collection 13/10/2018   BX1750 .R3 1964 46600002948 13/10/2018 13/10/2018 Monograph ( Printed materials)

 

Arrupe Library. PO Box MP320 Mt Pleasant, Harare, Zimbabwe
263 242 745411|librarian@aju.ac.zw